Reneé Rapp - Toutes les musiques - Statistiques

Statistiques générales
  • Ce quiz a été pris 125 fois
    65 depuis la dernière actualisation
  • Le résultat moyen est 32 sur 40
Statistiques - réponses
Hint Réponse % Correct
Snow Angel 5 Snow Angel
97%
Everything to Everyone Deluxe 9 Everything to Everyone (Extended Version)
93%
Everything to Everyone 1 Everything to Everyone (Intro)
93%
Everything to Everyone 2 In the Kitchen
93%
Snow Angel 9 Tummy Hurts
93%
Snow Angel Deluxe 15 Tummy Hurts (Extended Version)
93%
BITE ME 1 Leave Me Alone
90%
BITE ME 2 Mad
90%
Singles 2024 Not My Fault pour "Mean Girls : Lolita malgré moi"
87%
BITE ME 8 Shy
87%
Everything to Everyone 6 Too Well
87%
BITE ME 12 You'd like that wouldn't you
87%
BITE ME 7 I can't have you around me anymore
83%
Snow Angel Deluxe 13 I Do
83%
BITE ME 5 Kiss It Kiss It
83%
Snow Angel 7 The Wedding Song
83%
Everything to Everyone 3 Colorado
80%
Snow Angel 4 Gemini Moon
80%
Everything to Everyone 7 Moon
80%
Snow Angel 3 Poison Poison
80%
Snow Angel 8 Pretty Girls
80%
BITE ME 4 Sometimes
80%
Snow Angel Deluxe 14 Swim
80%
Snow Angel 1 Talk Too Much
80%
BITE ME 11 That's so funny
80%
BITE ME 3 Why is she still here?
80%
Everything to Everyone Deluxe 8 Bruises
77%
Snow Angel 2 I Hate Boston
77%
Singles 2025 LUCKY pour "Insaisissables 3"
77%
Singles 2022 Tattoos
77%
Snow Angel 12 23
73%
BITE ME 10 I think I like you better when you're gone
73%
Snow Angel 10 I Wish
73%
Snow Angel Deluxe 12 Messy
73%
Everything to Everyone 4 Don't Tell My Mom
70%
BITE ME 6 Good Girl
70%
Snow Angel 11 Willow
70%
Everything to Everyone 5 What Can I Do
67%
Snow Angel 6 So What Now
60%
BITE ME 9 At east I'm hot
50%
Aucun quiz correspondant
Distribution des résultats
% des personnes avec chaque résultat
Percentile par nombre de réponses
Votre historique - résultats
Vous n’avez pas pris ce quiz depuis la dernière actualisation